000 00293 a2200109 4500
999 _c13211
_d13211
008 250404b ||||| |||| 00| 0 eng d
020 _a9789354972256
100 _aMeenakshi Raman, Sangeeta Sharma
245 _aTechnical Communication
260 _bOxford University Press
_c2017
942 _2ddc